000 00316nam a2200133Ia 4500
003 OSt
005 20240302164434.0
008 170524s9999 xx 000 0 und d
020 _a978-9352865475
040 _ciimtu meerut
100 _aLAUDON- KENNTH C.
245 0 _aMANAGEMENT INFORMATION SYSTEMS
942 _2ddc
_c02
999 _c9573
_d9573